[Event "32nd ECC Open 2016"]
[Site "Novi Sad SRB"]
[Date "2016.11.10"]
[Round "5.22"]
[Board "2"]
[White "Gnichtel, Gerd"]
[Black "Maslik, Miroslav"]
[Result "1/2-1/2"]
[BlackTitle "IM"]
[WhiteElo "2135"]
[BlackElo "2337"]
[WhiteTeam "De Sprenger Echternach"]
[BlackTeam "SK Modra"]
[WhiteFideId "4637127"]
[BlackFideId "14902192"]
[EventDate "2016.11.06"]

1. d4 Nf6 2. c4 c5 3. d5 b5 4. cxb5 a6 5. bxa6 Bxa6 6. Nc3 d6 7. e4 Bxf1 8. Kxf1
g6 9. Nf3 Nbd7 10. g3 Bg7 11. Kg2 O-O 12. Re1 Qb6 13. e5 dxe5 14. Nxe5 Nxe5 15.
Rxe5 Qb7 16. Qf3 Rfd8 17. Bg5 h6 18. Bxf6 Bxf6 19. Re2 Bxc3 20. bxc3 Qxd5 21.
Qxd5 Rxd5 22. Rxe7 Ra3 23. c4 Rd2 24. Rc7 Rc3 25. Rxc5 Rcc2 26. Rf1 Rxa2 27. h4
h5 28. Rc6 Kg7 29. c5 Rdc2 30. Kf3 Ra5 1/2-1/2

[Event "32nd ECC Open 2016"]
[Site "Novi Sad SRB"]
[Date "2016.11.10"]
[Round "5.22"]
[Board "3"]
[White "Schwarz, Dusan"]
[Black "Drzasga, Michael"]
[Result "1-0"]
[WhiteElo "2278"]
[BlackElo "2058"]
[WhiteTeam "SK Modra"]
[BlackTeam "De Sprenger Echternach"]
[WhiteFideId "14903890"]
[BlackFideId "4623568"]
[EventDate "2016.11.06"]

1. d4 d5 2. c4 c6 3. Nf3 Nf6 4. Nc3 e6 5. Bg5 Nbd7 6. e3 Qa5 7. cxd5 Nxd5 8. Qd2
Bb4 9. Rc1 b6 10. e4 Nxc3 11. bxc3 Ba3 12. Rb1 Ba6 13. Bd3 Bxd3 14. Qxd3 Be7 15.
Bxe7 Kxe7 16. O-O Rhd8 17. Rbd1 Kf8 18. e5 Kg8 19. Ng5 Nf8 20. f4 h6 21. Ne4 c5
22. Nd6 Rd7 23. f5 cxd4 24. cxd4 f6 25. fxe6 Rxd6 26. exd6 Qd5 27. e7 1-0

[Event "32nd ECC Open 2016"]
[Site "Novi Sad SRB"]
[Date "2016.11.10"]
[Round "5.22"]
[Board "4"]
[White "Wambach, Patrick"]
[Black "Federic, Jozef"]
[Result "0-1"]
[BlackTitle "FM"]
[WhiteElo "1952"]
[BlackElo "2290"]
[WhiteTeam "De Sprenger Echternach"]
[BlackTeam "SK Modra"]
[WhiteFideId "4002059"]
[BlackFideId "14910659"]
[EventDate "2016.11.06"]

1. Nf3 d5 2. c4 e6 3. cxd5 exd5 4. g3 Nf6 5. Bg2 Bd6 6. O-O O-O 7. Nc3 c6 8. d3
Re8 9. Re1 Nbd7 10. Qc2 Ne5 11. Nxe5 Bxe5 12. Bg5 h6 13. Bxf6 Bxf6 14. e4 dxe4
15. dxe4 Qa5 16. Ne2 Rd8 17. Nc3 Be6 18. a3 Qc5 19. Rac1 a5 20. Nd5 Qxc2 21.
Nxf6+ gxf6 22. Rxc2 Rd4 23. Bf3 Rad8 24. Kg2 Bb3 25. Rce2 Bc4 26. Rc2 Bd3 27.
Rcc1 Kg7 28. Rcd1 Bxe4 29. Rxd4 Bxf3+ 30. Kxf3 Rxd4 31. Re7 Rd3+ 32. Re3 Rxe3+
33. Kxe3 Kf8 34. Kd4 b6 35. f4 Ke7 36. g4 Kd6 37. h4 f5 38. gxf5 f6 39. h5 b5
40. a4 c5+ 41. Kc3 bxa4 42. Kc4 Kc6 43. Kc3 Kd5 44. Kd3 c4+ 45. Kc3 Kc5 0-1

[Event "32nd ECC Open 2016"]
[Site "Novi Sad SRB"]
[Date "2016.11.10"]
[Round "5.22"]
[Board "5"]
[White "Banas, Kamil"]
[Black "Densing, Gerd"]
[Result "1-0"]
[WhiteElo "2243"]
[BlackElo "1806"]
[WhiteTeam "SK Modra"]
[BlackTeam "De Sprenger Echternach"]
[WhiteFideId "14902141"]
[BlackFideId "24621013"]
[EventDate "2016.11.06"]

1. e4 e6 2. d4 d5 3. Nc3 dxe4 4. Nxe4 Nd7 5. Nf3 Ngf6 6. Nxf6+ Nxf6 7. Bd3 c5 8.
Bg5 a6 9. Qe2 cxd4 10. O-O-O Qa5 11. Kb1 Be7 12. h4 Bd7 13. Nxd4 h6 14. Bc1 Qb6
15. Nf3 Nd5 16. Ka1 Bf6 17. Ne5 Bc6 18. c3 Rc8 19. Bc2 Qc7 20. f4 Bb5 21. Qe1
O-O 22. g4 Bxe5 23. fxe5 Qc4 24. Rh2 Qxg4 25. Rd4 Qh5 26. Bd1 Qf5 27. Rf2 Qh3
28. Qg1 Nxc3 29. Bxh6 g6 30. Rf3 Nxd1 31. Rxh3 1-0

[Event "32nd ECC Open 2016"]
[Site "Novi Sad SRB"]
[Date "2016.11.10"]
[Round "5.22"]
[Board "6"]
[White "Loo, Bernd"]
[Black "Mydlarik, Martin"]
[Result "1/2-1/2"]
[WhiteElo "1852"]
[BlackElo "2084"]
[WhiteTeam "De Sprenger Echternach"]
[BlackTeam "SK Modra"]
[WhiteFideId "263303"]
[BlackFideId "14904829"]
[EventDate "2016.11.06"]

1. c4 e5 2. Nc3 Nc6 3. Nf3 Nf6 4. e4 Bc5 5. Nxe5 Nxe5 6. d4 Bxd4 7. Qxd4 Nc6 8.
Qd1 h6 9. Be2 O-O 10. O-O d6 11. f3 Re8 12. Bf4 Be6 13. Nd5 Ne5 14. Qd2 Nfd7 15.
b3 Ng6 16. Bg3 b6 17. Rac1 a5 18. Nc3 Kh8 19. f4 f5 20. Bd3 Qf6 21. exf5 Bxf5
22. Be2 Ne7 23. Bf3 Rad8 24. Nb5 Nc5 25. Nxc7 Rf8 26. Rce1 Rd7 27. Nd5 Nxd5 28.
Bxd5 Nd3 29. Re3 Nc5 30. Rfe1 Qg6 31. a3 Ra7 32. b4 Nd3 33. Rd1 axb4 34. axb4
Ra3 35. b5 1/2-1/2

[Event "32nd ECC Open 2016"]
[Site "Novi Sad SRB"]
[Date "2016.11.10"]
[Round "5.23"]
[Board "1"]
[White "Van Foreest, Jorden"]
[Black "Kharchenko, Boris"]
[Result "0-1"]
[WhiteTitle "GM"]
[BlackTitle "GM"]
[WhiteElo "2614"]
[BlackElo "2450"]
[WhiteTeam "JSV SISSA"]
[BlackTeam "LugPokerChess"]
[WhiteFideId "1039784"]
[BlackFideId "14113210"]
[EventDate "2016.11.06"]

1. e4 e5 2. Nf3 Nc6 3. Bc4 Bc5 4. c3 Nf6 5. d3 a6 6. O-O d6 7. Re1 Ba7 8. a4 h6
9. Nbd2 O-O 10. h3 Re8 11. b4 Be6 12. Bxe6 Rxe6 13. Qc2 Qd7 14. Nf1 Ree8 15. Be3
Bxe3 16. Nxe3 Ne7 17. d4 exd4 18. Nxd4 Nc6 19. Nef5 d5 20. Nxc6 Qxc6 21. e5 Ne4
22. Nd4 Qc4 23. Re3 c5 24. bxc5 Qxc5 25. Qb3 Rac8 26. Qxb7 Nxc3 27. e6 Rc7 28.
exf7+ Rxf7 29. Rxc3 Qxc3 30. Qxd5 0-1

[Event "32nd ECC Open 2016"]
[Site "Novi Sad SRB"]
[Date "2016.11.10"]
[Round "5.23"]
[Board "2"]
[White "Shagbazyan, Taron"]
[Black "Van Foreest, Lucas"]
[Result "1/2-1/2"]
[WhiteTitle "FM"]
[WhiteElo "2423"]
[BlackElo "2384"]
[WhiteTeam "LugPokerChess"]
[BlackTeam "JSV SISSA"]
[WhiteFideId "14122073"]
[BlackFideId "1039792"]
[EventDate "2016.11.06"]

1. d4 Nf6 2. c4 e6 3. Nc3 Bb4 4. e3 b6 5. Ne2 Ne4 6. Bd2 Nxd2 7. Qxd2 Bb7 8. a3
Bxc3 9. Nxc3 d6 10. d5 Nd7 11. Be2 a5 12. b3 O-O 13. O-O e5 14. f4 exf4 15. exf4
Re8 16. Bd3 Nf6 17. Bf5 Bc8 18. Bc2 Bd7 19. Rfe1 Rxe1+ 20. Rxe1 Qf8 21. h3 Re8
22. Kf2 Rxe1 23. Qxe1 Qe8 24. Qxe8+ Nxe8 25. Ke3 f5 26. Bd1 Nf6 27. Be2 Kf7 28.
Bf3 Ke7 29. Kd4 g6 30. g3 Kd8 31. b4 axb4 1/2-1/2

[Event "32nd ECC Open 2016"]
[Site "Novi Sad SRB"]
[Date "2016.11.10"]
[Round "5.23"]
[Board "3"]
[White "Lambrechts, Koen"]
[Black "Kostromin, Mikhail"]
[Result "1/2-1/2"]
[BlackTitle "IM"]
[WhiteElo "2284"]
[BlackElo "2306"]
[WhiteTeam "JSV SISSA"]
[BlackTeam "LugPokerChess"]
[WhiteFideId "1027123"]
[BlackFideId "2807807"]
[EventDate "2016.11.06"]

1. e4 c5 2. Nf3 d6 3. d4 cxd4 4. Nxd4 Nf6 5. Nc3 a6 6. Bg5 e6 7. f4 Be7 8. Qf3
h6 9. Bh4 Qc7 10. O-O-O Nbd7 11. Bd3 g5 12. fxg5 Ne5 13. Qe2 Nfg4 14. Nf3 hxg5
15. Bg3 Bd7 16. h3 Nxf3 17. hxg4 Rxh1 18. Rxh1 Nh4 19. Qf2 Bc6 20. Rf1 Kd7 21.
Qd4 Rf8 22. Rf2 Ng6 23. e5 Nf4 24. Be4 d5 25. Bd3 Qa5 26. Qe3 Bc5 27. Qd2 b5 28.
Bxf4 Bxf2 29. Bxg5 Bc5 30. a3 Qb6 31. Qf4 b4 32. axb4 Qxb4 33. Bxa6 Qxf4+ 34.
Bxf4 Ra8 35. Bd3 Bb4 36. Kb1 Rb8 37. Kc1 Rg8 38. Be2 Ba5 39. g3 Bb6 40. Nb5 Bc5
41. c3 Bb7 42. b4 Be7 43. Nd4 Ra8 44. Bb5+ Kc7 45. Bd3 Ba6 46. b5 Bc8 47. g5 Bd7
48. g6 fxg6 49. Bxg6 Bc5 50. Nf3 Rg8 51. Bf7 Rb8 52. Ng5 Rb6 53. g4 Bf8 54. Nh7
Bg7 55. g5 Rxb5 56. Nf6 Rc5 57. Kd2 Rc4 58. Nh5 Rxf4 59. Nxf4 Bxe5 60. Nxe6+
Bxe6 1/2-1/2

[Event "32nd ECC Open 2016"]
[Site "Novi Sad SRB"]
[Date "2016.11.10"]
[Round "5.23"]
[Board "4"]
[White "Palkovich, Denis"]
[Black "Hummel, Erik-Jan"]
[Result "1/2-1/2"]
[WhiteTitle "FM"]
[BlackTitle "FM"]
[WhiteElo "2118"]
[BlackElo "2280"]
[WhiteTeam "LugPokerChess"]
[BlackTeam "JSV SISSA"]
[WhiteFideId "14113260"]
[BlackFideId "1009028"]
[EventDate "2016.11.06"]

1. d4 Nf6 2. Bf4 c5 3. e3 cxd4 4. exd4 d5 5. c3 Nc6 6. Nd2 a6 7. Bd3 Bg4 8. Qb3
Na5 9. Qc2 e6 10. Ngf3 Bxf3 11. Nxf3 Be7 12. Ne5 Rc8 13. Qe2 b5 14. a4 Nc4 15.
axb5 axb5 16. b3 Nxe5 17. dxe5 Nd7 18. Bd2 O-O 19. b4 Nb6 20. Bxb5 Nc4 21. Ba6
Rc6 22. Bxc4 Rxc4 23. O-O Re4 24. Qd3 Rxe5 25. Be3 Re4 26. b5 Bd6 27. Rfb1 f5
28. f4 g5 29. fxg5 f4 30. Bd4 Qxg5 31. Ra7 Be5 32. Qh3 Qg6 33. Bxe5 Rxe5 34.
Raa1 f3 35. Rf1 Re3 36. Rf2 Rxc3 37. Raf1 Rb3 38. Rxf3 Rfxf3 39. Rxf3 Rb1+ 40.
Rf1 Rxf1+ 41. Kxf1 Qb1+ 1/2-1/2

[Event "32nd ECC Open 2016"]
[Site "Novi Sad SRB"]
[Date "2016.11.10"]
[Round "5.23"]
[Board "5"]
[White "Ten Vergert, Paul"]
[Black "Maratkanov, Evgeny"]
[Result "0-1"]
[WhiteTitle "CM"]
[WhiteElo "2210"]
[BlackElo "2141"]
[WhiteTeam "JSV SISSA"]
[BlackTeam "LugPokerChess"]
[WhiteFideId "1021249"]
[BlackFideId "14106205"]
[EventDate "2016.11.06"]

1. e4 e6 2. d4 d5 3. exd5 exd5 4. Bf4 Nf6 5. Qd2 Bf5 6. Nc3 Bb4 7. f3 O-O 8.
O-O-O c5 9. Nge2 Qa5 10. Bd6 Rd8 11. Qf4 Rxd6 12. Qxf5 Nc6 13. dxc5 Bxc5 14. Kb1
d4 15. Ne4 Nxe4 16. Qxe4 Qb6 17. Nc1 Ba3 18. Nb3 a5 19. Bd3 g6 20. bxa3 a4 21.
Kb2 axb3 22. axb3 Qc5 23. Ra1 Re6 24. Qf4 Qc3+ 25. Kb1 Nb4 26. Be4 f5 27. Ra2
fxe4 28. axb4 Rxa2 0-1

[Event "32nd ECC Open 2016"]
[Site "Novi Sad SRB"]
[Date "2016.11.10"]
[Round "5.23"]
[Board "6"]
[White "Shvyriaev, Artem"]
[Black "Dijkstra, Arjan"]
[Result "0-1"]
[WhiteElo "2116"]
[BlackElo "2105"]
[WhiteTeam "LugPokerChess"]
[BlackTeam "JSV SISSA"]
[WhiteFideId "14118181"]
[BlackFideId "1021389"]
[EventDate "2016.11.06"]

1. e4 c6 2. d3 d5 3. Nd2 e5 4. Ngf3 Bd6 5. g3 Nf6 6. Bg2 O-O 7. O-O Re8 8. Qe2
Bg4 9. Rd1 Nbd7 10. Nf1 Nc5 11. Bg5 Ne6 12. Bxf6 Qxf6 13. c3 Ng5 14. N1d2 Nh3+
15. Bxh3 Bxh3 16. Qe3 h6 17. Kh1 Bg4 18. Kg2 Qe6 19. Re1 f5 20. exf5 Bxf5 21.
Ng1 Qg6 22. d4 e4 23. Nf1 Rf8 24. Qd2 Rf7 25. Ne3 Be6 26. Qe2 Raf8 27. Rf1 h5
28. Rac1 h4 29. Rc2 hxg3 30. fxg3 Bg4 31. Qe1 Bf3+ 0-1

[Event "32nd ECC Open 2016"]
[Site "Novi Sad SRB"]
[Date "2016.11.10"]
[Round "5.24"]
[Board "1"]
[White "Percin, Onder"]
[Black "Carstensen, Jacob"]
[Result "0-1"]
[BlackTitle "IM"]
[WhiteElo "1972"]
[BlackElo "2383"]
[WhiteTeam "Hatay Metropolitan"]
[BlackTeam "Bronshoj Skakforening"]
[WhiteFideId "6345190"]
[BlackFideId "1404180"]
[EventDate "2016.11.06"]

1. e4 c5 2. Nc3 Nc6 3. g3 g6 4. Bg2 Bg7 5. d3 d6 6. f4 e6 7. Nf3 Nge7 8. O-O O-O
9. Be3 b6 10. Bf2 d5 11. e5 Ba6 12. Re1 Qd7 13. Qd2 Rac8 14. Kh1 h6 15. Bg1 Rfd8
16. Nd1 Bb7 17. Nf2 Nf5 18. Ng4 Qe7 19. c3 d4 20. c4 h5 21. Nf2 Ne3 22. Ne4 Nb4
23. Nd6 Nxg2 24. Kxg2 Rxd6 25. exd6 Qxd6 26. a3 Nc6 27. Rf1 Ne7 28. Rae1 Nf5 29.
Re4 Bxe4 30. dxe4 Ne7 31. Qd3 Qc6 32. b3 Rb8 33. a4 a6 34. Rc1 Nc8 35. Bf2 f5
36. exf5 exf5 37. Re1 Nd6 38. Re6 Kf7 39. Qe2 Re8 40. Rxd6 Qxd6 41. Ng5+ Kf8 42.
Nh7+ Kg8 43. Qxe8+ Kxh7 44. Qe2 d3 45. Qd2 Qc6+ 46. Kg1 Qe4 47. Qe3 a5 48. Kf1
d2 49. Ke2 Qc2 50. Qxd2 Qxb3 51. Qd5 Qxa4 52. Qf7 Qc2+ 53. Kf1 a4 0-1

[Event "32nd ECC Open 2016"]
[Site "Novi Sad SRB"]
[Date "2016.11.10"]
[Round "5.24"]
[Board "2"]
[White "Pilgaard, Kim"]
[Black "Percin, Baris"]
[Result "1-0"]
[WhiteTitle "IM"]
[WhiteElo "2384"]
[BlackElo "1877"]
[WhiteTeam "Bronshoj Skakforening"]
[BlackTeam "Hatay Metropolitan"]
[WhiteFideId "1400657"]
[BlackFideId "6345174"]
[EventDate "2016.11.06"]

1. d4 Nf6 2. c4 e6 3. Nc3 Bb4 4. e3 O-O 5. Bd3 d5 6. cxd5 exd5 7. Ne2 Ne4 8. O-O
Nxc3 9. Nxc3 c6 10. f3 f5 11. Kh1 Qh4 12. Qe1 Qh5 13. e4 f4 14. Bd2 Be7 15. Qc1
Bg5 16. exd5 Rf6 17. Ne4 Rh6 18. Bxf4 Bxf4 19. Qxf4 cxd5 20. g4 Qh4 21. Nd6 Rf6
22. Bf5 Bd7 23. Qe5 Kf8 24. Rae1 Nc6 25. Qxd5 Qh6 26. Ne4 Rf7 27. Bxd7 Rd8 28.
Qc5+ Ne7 29. Ba4 Rd5 30. Qb4 Rf4 31. Nc3 Rd6 32. Qxb7 Qf6 33. Bb3 g6 34. Ne4
Qxd4 35. Qb8+ 1-0

[Event "32nd ECC Open 2016"]
[Site "Novi Sad SRB"]
[Date "2016.11.10"]
[Round "5.24"]
[Board "3"]
[White "Gundogan, Sinem Cagla"]
[Black "Petersen, Steen1"]
[Result "1/2-1/2"]
[WhiteTitle "WCM"]
[WhiteElo "1952"]
[BlackElo "2145"]
[WhiteTeam "Hatay Metropolitan"]
[BlackTeam "Bronshoj Skakforening"]
[WhiteFideId "6325378"]
[BlackFideId "1402706"]
[EventDate "2016.11.06"]

1. e4 e5 2. Nf3 Nc6 3. Bc4 Nf6 4. d3 Be7 5. O-O O-O 6. c3 d6 7. Bb3 Na5 8. Bc2
c5 9. Re1 Nc6 10. Nbd2 Re8 11. Nf1 h6 12. h3 Bf8 13. Ng3 d5 14. Qe2 d4 15. Bb3
Be6 16. Bxe6 Rxe6 17. Nf5 Nh7 18. Bd2 Rc8 19. Rad1 Ne7 20. N3h4 g6 21. Qg4 Nf6
22. Qg3 Kh7 23. Nxe7 Bxe7 24. Nf3 Nh5 25. Qg4 Nf6 26. Qg3 Nh5 27. Qg4 Nf6 28.
Qg3 1/2-1/2

[Event "32nd ECC Open 2016"]
[Site "Novi Sad SRB"]
[Date "2016.11.10"]
[Round "5.24"]
[Board "4"]
[White "Andersen, Soren Mikkel"]
[Black "Yildiz, Ozan"]
[Result "1-0"]
[WhiteElo "2086"]
[BlackElo "1733"]
[WhiteTeam "Bronshoj Skakforening"]
[BlackTeam "Hatay Metropolitan"]
[WhiteFideId "1411918"]
[BlackFideId "6323022"]
[EventDate "2016.11.06"]

1. d4 Nf6 2. c4 e6 3. Nc3 c5 4. d5 exd5 5. cxd5 d6 6. e4 g6 7. h3 Bg7 8. Bd3 O-O
9. Nf3 a6 10. a4 Re8 11. O-O Nh5 12. Bg5 Bf6 13. Be3 Nd7 14. Re1 Ne5 15. Be2
Nxf3+ 16. Bxf3 Ng7 17. Qd2 g5 18. g4 Bd7 19. Ne2 h6 20. Ng3 b5 21. axb5 axb5 22.
Bg2 Be5 23. Rxa8 Qxa8 24. f4 gxf4 25. Bxf4 Kh7 26. Bxe5 Rxe5 27. Rf1 Qf8 28. Qf4
Be8 29. Ra1 Qe7 30. Ra6 b4 31. Bf1 Qd8 32. b3 Qe7 33. Bd3 Qd8 34. Kg2 Qe7 35.
Nf1 h5 36. Ne3 hxg4 37. Nxg4 Nh5 38. Qh6+ Kg8 39. Rxd6 Rg5 40. Kf3 Rg6 41. Rxg6+
fxg6 42. e5 Qf7+ 43. Ke3 Qxd5 44. Bc4 1-0

[Event "32nd ECC Open 2016"]
[Site "Novi Sad SRB"]
[Date "2016.11.10"]
[Round "5.24"]
[Board "5"]
[White "Micoogullari, Lara"]
[Black "Christensen, Esben"]
[Result "0-1"]
[WhiteTitle "WCM"]
[WhiteElo "1673"]
[BlackElo "2016"]
[WhiteTeam "Hatay Metropolitan"]
[BlackTeam "Bronshoj Skakforening"]
[WhiteFideId "6344968"]
[BlackFideId "1402307"]
[EventDate "2016.11.06"]

1. Nf3 Nf6 2. g3 g6 3. b3 Bg7 4. Bb2 O-O 5. Bg2 d5 6. O-O c5 7. d3 Nc6 8. Nbd2
Qc7 9. c3 Rd8 10. d4 b6 11. c4 cxd4 12. Nxd4 Nxd4 13. Bxd4 e5 14. Bb2 Bb7 15.
cxd5 Bxd5 16. Rc1 Qe7 17. Bxd5 Nxd5 18. Qe1 Rd7 19. Nc4 b5 20. Na5 Qe6 21. Rc6
Qh3 22. Qc1 Rad8 23. Rc8 Nf6 24. Rxd8+ Rxd8 25. Rd1 Rxd1+ 26. Qxd1 Ng4 27. Qd8+
Bf8 28. Qh4 Qxh4 29. gxh4 Bc5 30. e3 f6 31. Nc6 Kf7 32. Kg2 h5 33. Bc3 Ke6 34.
Nd8+ Kd7 35. Ba5 Nh6 36. Nb7 Be7 37. Bc3 Nf5 38. b4 Nxh4+ 39. Kg3 Nf5+ 40. Kf3
Bd6 41. e4 Ne7 42. Ke3 Nc6 43. Nxd6 Kxd6 44. f4 Ke6 45. h4 a6 46. a3 exf4+ 47.
Kxf4 Ne5 48. Bxe5 fxe5+ 49. Kg5 Kf7 50. Kh6 Kf6 0-1

[Event "32nd ECC Open 2016"]
[Site "Novi Sad SRB"]
[Date "2016.11.10"]
[Round "5.24"]
[Board "6"]
[White "Yssing, Klaus"]
[Black "Buyukasik, Betul"]
[Result "1-0"]
[WhiteElo "2008"]
[BlackElo "1524"]
[WhiteTeam "Bronshoj Skakforening"]
[BlackTeam "Hatay Metropolitan"]
[WhiteFideId "1407279"]
[BlackFideId "6319599"]
[EventDate "2016.11.06"]

1. f4 d5 2. Nf3 Nf6 3. g3 b6 4. Bg2 Bb7 5. O-O c5 6. e3 Nc6 7. b3 g6 8. Bb2 Bg7
9. d3 O-O 10. Qe2 e6 11. Nbd2 Qc7 12. a4 Rfe8 13. Kh1 Rad8 14. Ne5 d4 15. Nxc6
Bxc6 16. e4 h5 17. Rae1 a6 18. h3 b5 19. axb5 axb5 20. Nf3 Bb7 21. b4 Nd7 22.
bxc5 Nxc5 23. e5 Bxf3 24. Bxf3 Na4 25. Ba3 Nc3 26. Qf2 Bf8 27. Ra1 Qb6 28. Bxf8
Kxf8 29. Kg2 Nd5 30. Bxd5 Rxd5 31. Ra2 Rc5 32. Qf3 Qc7 33. Rf2 Rc8 34. g4 hxg4
35. hxg4 Qd8 36. Kg3 Qd5 37. Qxd5 Rxd5 38. Kf3 Ke8 39. Ke4 Kd7 40. Rh2 Kc6 41.
Ra7 Rc7 42. Rxc7+ Kxc7 43. f5 gxf5+ 44. gxf5 Kc6 45. f6 Rd8 46. Rh7 Rd7 47. Rh8
b4 48. Re8 Kc7 49. Re7 Rxe7 50. fxe7 Kd7 51. Kxd4 Kxe7 52. Kc4 f6 53. exf6+ Kxf6
54. Kxb4 e5 55. Kc5 Ke6 56. c4 Ke7 57. Kd5 Kf6 58. c5 1-0

[Event "32nd ECC Open 2016"]
[Site "Novi Sad SRB"]
[Date "2016.11.10"]
[Round "5.25"]
[Board "1"]
[White "Hansen, Torbjorn Ringdal"]
[Black "Theodorou, Nikolas"]
[Result "0-1"]
[WhiteTitle "GM"]
[WhiteElo "2448"]
[BlackElo "2481"]
[WhiteTeam "Sjakklubben AV 1911"]
[BlackTeam "Chania Chess Academy"]
[WhiteFideId "1501720"]
[BlackFideId "4262875"]
[EventDate "2016.11.06"]

1. e4 c5 2. Nf3 d6 3. d4 cxd4 4. Nxd4 Nf6 5. Nc3 a6 6. Be2 e5 7. Nb3 Be6 8. O-O
Be7 9. Be3 O-O 10. a4 Nbd7 11. a5 Rc8 12. Bf3 Qc7 13. Re1 Rfd8 14. Nd2 h6 15.
Nf1 Bf8 16. h3 g6 17. Bc1 b5 18. axb6 Qb7 19. Ne3 Nxb6 20. Ncd5 Bxd5 21. exd5
Ra8 22. c4 Rdc8 23. b3 a5 24. Bg4 Rc7 25. Be2 Nbd7 26. Bd2 Qb6 27. Bd3 Nc5 28.
Bc2 Nfe4 29. Bc1 Bg7 30. Ra3 h5 31. g4 hxg4 32. hxg4 Ng5 33. Kg2 e4 34. Rh1 Re7
35. Bb2 Nd7 36. Bxg7 Kxg7 37. Qd2 f6 38. Qc3 Ne5 39. Rha1 Rea7 40. Ra4 Qc7 41.
c5 dxc5 42. Bxe4 Rh8 43. f4 Nxe4 44. Rf1 0-1

[Event "32nd ECC Open 2016"]
[Site "Novi Sad SRB"]
[Date "2016.11.10"]
[Round "5.25"]
[Board "2"]
[White "Papadopoulos, Argirios"]
[Black "Elsness, Frode"]
[Result "0-1"]
[WhiteTitle "FM"]
[BlackTitle "IM"]
[WhiteElo "2194"]
[BlackElo "2442"]
[WhiteTeam "Chania Chess Academy"]
[BlackTeam "Sjakklubben AV 1911"]
[WhiteFideId "4241509"]
[BlackFideId "1501100"]
[EventDate "2016.11.06"]

1. e4 e5 2. Nf3 Nc6 3. Bb5 a6 4. Ba4 Nf6 5. O-O Be7 6. Re1 b5 7. Bb3 d6 8. c3
O-O 9. h3 Nb8 10. d4 Nbd7 11. Nbd2 Bb7 12. Bc2 Re8 13. Nf1 Bf8 14. Ng3 g6 15. a4
c5 16. d5 c4 17. Bg5 Be7 18. Qd2 Nc5 19. Ra3 Nfd7 20. Bh6 Bf8 21. Nh2 Nxa4 22.
Bxa4 bxa4 23. Rxa4 a5 24. Ng4 Kh8 25. Bxf8 Rxf8 26. f4 Qh4 27. Qf2 Nc5 28. fxe5
Nxa4 29. exd6 0-1

[Event "32nd ECC Open 2016"]
[Site "Novi Sad SRB"]
[Date "2016.11.10"]
[Round "5.25"]
[Board "3"]
[White "Risting, Eivind Olav"]
[Black "Liodakis, Konstantinos-Spyros"]
[Result "0-1"]
[WhiteTitle "FM"]
[WhiteElo "2175"]
[BlackElo "2175"]
[WhiteTeam "Sjakklubben AV 1911"]
[BlackTeam "Chania Chess Academy"]
[WhiteFideId "1517333"]
[BlackFideId "4217136"]
[EventDate "2016.11.06"]

1. e4 e6 2. d4 d5 3. Nd2 Be7 4. Ngf3 c5 5. c3 cxd4 6. Nxd4 Nf6 7. Bb5+ Bd7 8. e5
Ng8 9. Bd3 Nc6 10. N2f3 f6 11. exf6 Bxf6 12. O-O Nge7 13. Re1 Nxd4 14. cxd4 Qb6
15. Bf4 Nc6 16. Be3 O-O-O 17. Rc1 Kb8 18. Qd2 Nxd4 19. Bxd4 Bxd4 20. Qf4+ e5 21.
Nxe5 Ka8 22. Re2 Be6 23. Nf3 Bf6 24. h3 d4 25. b3 Bd5 26. Rec2 a6 27. Qg4 Ka7
28. Re2 h5 29. Qf5 g6 30. Qf4 g5 31. Qf5 g4 32. hxg4 hxg4 33. Qxg4 Rdg8 34. Qf4
Rh5 35. Be4 d3 36. Ree1 Bxe4 37. Qxe4 0-1

[Event "32nd ECC Open 2016"]
[Site "Novi Sad SRB"]
[Date "2016.11.10"]
[Round "5.25"]
[Board "4"]
[White "Tsarouhas, Konstantinos"]
[Black "Ranaldi, Lucas"]
[Result "1/2-1/2"]
[WhiteElo "2121"]
[BlackElo "2292"]
[WhiteTeam "Chania Chess Academy"]
[BlackTeam "Sjakklubben AV 1911"]
[WhiteFideId "4201094"]
[BlackFideId "1519484"]
[EventDate "2016.11.06"]

1. c4 g6 2. Nc3 Bg7 3. Nf3 c5 4. d4 cxd4 5. Nxd4 Nc6 6. e3 Nf6 7. Be2 O-O 8. O-O
Nxd4 9. Qxd4 d6 10. Bf3 a6 11. Rd1 Qc7 12. Bd2 Be6 13. Be2 Rac8 14. Rac1 Qb8 15.
Qh4 Rc7 16. e4 Bxc4 17. Bxc4 Rxc4 18. Nd5 Rxc1 19. Nxe7+ Kh8 20. Rxc1 Qe8 21.
Nd5 Qxe4 22. Qxe4 Nxe4 23. Be3 Bxb2 24. Rb1 Nf6 25. Rxb2 Nxd5 26. Bd4+ Kg8 27.
Rxb7 Rc8 28. g3 Nc7 29. Rb6 Ne6 30. Bf6 Ra8 31. Rxd6 g5 32. Kg2 h6 33. h4 gxh4
34. f4 hxg3 35. Kxg3 Nc5 36. Kf3 a5 37. f5 a4 38. Rd5 Na6 39. Rd4 Nc7 40. Rg4+
Kf8 41. Bg7+ Ke7 42. Re4+ Kd7 43. Bxh6 Ra5 44. Rd4+ Rd5 45. Rxa4 1/2-1/2

[Event "32nd ECC Open 2016"]
[Site "Novi Sad SRB"]
[Date "2016.11.10"]
[Round "5.25"]
[Board "5"]
[White "Kjolberg, Jens Hjorth"]
[Black "Georgakopoulos, Nikolaos K."]
[Result "0-1"]
[WhiteElo "2145"]
[BlackElo "2025"]
[WhiteTeam "Sjakklubben AV 1911"]
[BlackTeam "Chania Chess Academy"]
[WhiteFideId "1508172"]
[BlackFideId "4283430"]
[EventDate "2016.11.06"]

1. e4 c5 2. Nf3 Nc6 3. d4 cxd4 4. Nxd4 Nf6 5. Nc3 e5 6. Ndb5 d6 7. Bg5 a6 8. Na3
b5 9. Nd5 Be7 10. Bxf6 Bxf6 11. c3 Rb8 12. Nc2 Bg5 13. a3 O-O 14. Bd3 a5 15. Qe2
Na7 16. h4 Bh6 17. g4 Bf4 18. Nxf4 exf4 19. Qf3 Nc6 20. Qxf4 Ne5 21. O-O-O Be6
22. Rd2 Qc7 23. Kb1 b4 24. cxb4 axb4 25. axb4 Ra8 26. Rh3 Rfc8 27. Qe3 Nc4 28.
Bxc4 Qxc4 29. b3 Qa6 30. Re2 Qa2+ 31. Kc1 Qa1+ 32. Kd2 Ra2 0-1